[Event "HUN-chT2 Erkel 1819"]
[Site "Hungary"]
[Date "2019.04.28"]
[Round "9.10"]
[White "Huszar, Lorant"]
[Black "Nagy, Adrian"]
[Result "1-0"]
[WhiteElo "1727"]
[BlackElo "1567"]
[PlyCount "79"]
[EventDate "2018.10.28"]
[EventType "team-tourn"]
[EventRounds "9"]
[EventCountry "HUN"]
[SourceTitle "EXT 2021"]
[Source "ChessBase"]
[SourceDate "2020.10.23"]
[SourceVersion "1"]
[SourceVersionDate "2020.10.23"]
[SourceQuality "1"]
[WhiteTeam "Andornaktalya"]
[BlackTeam "Szada GSBE"]
[WhiteTeamCountry "HUN"]
[BlackTeamCountry "HUN"]

1. e4 e6 2. d4 d5 3. Nd2 c5 4. exd5 exd5 5. Ngf3 Nf6 6. Be2 Be7 7. 0-0 0-0 8. dxc5 Bxc5 9. Nb3 Bb6 10. Bg5 Be6 11. Nbd4 Nbd7 12. Nxe6 fxe6 13. Nd4 Bxd4 14. Qxd4 Qb6 15. Bxf6 Rxf6 16. Qxb6 Nxb6 17. Bg4 Kf7 18. Rfe1 Rc8 19. Re2 Rc6 20. b3 Nd7 21. Rae1 Nf8 22. g3 g6 23. f4 h6 24. Bf3 Rc7 25. c4 dxc4 26. Rc2 b5 27. Be2 g5 28. fxg5 hxg5 29. bxc4 bxc4 30. Bxc4 Rc6 31. Re4 Rf3 32. Kg2 Ra3 33. Rb2 Kf6 34. h4 Rc3 35. hxg5+ Kxg5 36. Rb5+ Kf6 37. Rf4+ Kg7 38. Rb7+ Kg6 39. Bb5 Rb6 40. Rxb6 1-0

[Event "HUN-chT2 Erkel 1819"]
[Site "Hungary"]
[Date "2019.03.31"]
[Round "8.11"]
[White "Huszar, Lorant"]
[Black "Kovolgyi, Krisztian"]
[Result "1-0"]
[WhiteElo "1727"]
[BlackElo "1680"]
[PlyCount "71"]
[EventDate "2018.10.28"]
[EventType "team-tourn"]
[EventRounds "9"]
[EventCountry "HUN"]
[SourceTitle "EXT 2021"]
[Source "ChessBase"]
[SourceDate "2020.10.23"]
[SourceVersion "1"]
[SourceVersionDate "2020.10.23"]
[SourceQuality "1"]
[WhiteTeam "Andornaktalya"]
[BlackTeam "Vac"]
[WhiteTeamCountry "HUN"]
[BlackTeamCountry "HUN"]

1. e4 e5 2. Nf3 Nc6 3. d4 exd4 4. Bc4 d6 5. Nxd4 Ne5 6. Bb3 Nf6 7. 0-0 Be7 8. f4 Ng6 9. Nc3 0-0 10. h3 Nd7 11. a3 Nc5 12. Ba2 Bf6 13. b4 Na6 14. Bb2 c5 15. bxc5 dxc5 16. Nde2 Nc7 17. e5 Be7 18. Nd5 Nh4 19. Qd2 Nxd5 20. Bxd5 Qb6 21. c4 Rd8 22. Qc3 Qg6 23. Ng3 Rb8 24. Rad1 b6 25. Rf2 Nf5 26. Nxf5 Bxf5 27. g4 h5 28. Rg2 Bc8 29. f5 Qh6 30. Bc1 Bg5 31. Bxg5 Qxg5 32. gxh5 Qh4 33. Rg4 Qe7 34. f6 Qf8 35. Rxg7+ Kh8 36. Qe3 1-0

[Event "HUN-chT2 Erkel 1819"]
[Site "Hungary"]
[Date "2019.01.27"]
[Round "4.11"]
[White "Huszar, Lorant"]
[Black "Purak, Zoltan"]
[Result "0-1"]
[WhiteElo "1727"]
[BlackElo "1859"]
[PlyCount "84"]
[EventDate "2018.10.28"]
[EventType "team-tourn"]
[EventRounds "9"]
[EventCountry "HUN"]
[SourceTitle "EXT 2021"]
[Source "ChessBase"]
[SourceDate "2020.10.23"]
[SourceVersion "1"]
[SourceVersionDate "2020.10.23"]
[SourceQuality "1"]
[WhiteTeam "Andornaktalya"]
[BlackTeam "Pestszentlorinc"]
[WhiteTeamCountry "HUN"]
[BlackTeamCountry "HUN"]

1. e4 c6 2. d4 d5 3. Nc3 g6 4. Nf3 Bg4 5. exd5 cxd5 6. Bf4 Nc6 7. h3 Bxf3 8. Qxf3 e6 9. Bb5 Bg7 10. 0-0 Nge7 11. Rad1 0-0 12. Bxc6 Nxc6 13. Qe3 Qb6 14. Bd6 Bxd4 15. Rxd4 Qxd4 16. Bxf8 Qxe3 17. fxe3 Kxf8 18. a3 Ke7 19. Kf2 b6 20. g4 Rc8 21. Ke2 Ne5 22. a4 a6 23. Rc1 Nc4 24. b3 Nxe3 25. Kd3 Ng2 26. Rf1 g5 27. Ne2 Nh4 28. c3 Ng6 29. Kd2 f6 30. Kd3 Rh8 31. c4 Ne5+ 32. Kd4 dxc4 33. bxc4 Rd8+ 34. Ke4 Nxc4 35. Rc1 Nd6+ 36. Kd4 Rc8 37. Rb1 b5 38. Nc3 Rb8 39. axb5 axb5 40. Ra1 Rb7 41. Kc5 b4 42. Ra6 bxc3 0-1

[Event "HUN-chT2 Erkel 1718"]
[Site "Hungary"]
[Date "2017.12.03"]
[Round "5.12"]
[White "Huszar, Lorant"]
[Black "Pal Kedves, Roland"]
[Result "1-0"]
[WhiteElo "1678"]
[BlackElo "1265"]
[PlyCount "63"]
[EventDate "2017.09.24"]
[EventType "team-tourn"]
[EventRounds "11"]
[EventCountry "HUN"]
[SourceTitle "EXT 2021"]
[Source "ChessBase"]
[SourceDate "2020.10.23"]
[SourceVersion "1"]
[SourceVersionDate "2020.10.23"]
[SourceQuality "1"]
[WhiteTeam "Gyongyos Energia"]
[BlackTeam "Budapest MAFC"]
[WhiteTeamCountry "HUN"]
[BlackTeamCountry "HUN"]

1. e4 c5 2. Nf3 Nc6 3. d4 cxd4 4. Nxd4 g6 5. Nc3 Bg7 6. Be3 Nf6 7. f3 0-0 8. Qd2 e6 9. 0-0-0 d5 10. g4 Qc7 11. g5 Nd7 12. exd5 exd5 13. Ndb5 Bxc3 14. Nxc7 Bxd2+ 15. Rxd2 Rb8 16. Nxd5 Nde5 17. Bc5 Nxf3 18. Bxf8 Nxd2 19. Bd6 Ra8 20. Kxd2 Be6 21. Ne7+ Kg7 22. Nxc6 bxc6 23. Be5+ Kg8 24. Bg2 Rd8+ 25. Kc3 c5 26. Bf3 Kf8 27. Rd1 Re8 28. Bd6+ Kg8 29. Bxc5 Rc8 30. b4 a5 31. a3 axb4+ 32. axb4 1-0

[Event "HUN-chT2 Erkel 1314"]
[Site "Hungary"]
[Date "2014.02.16"]
[Round "7.11"]
[White "Huszar, Lorant"]
[Black "Horvath, Zoltan2222"]
[Result "0-1"]
[WhiteElo "1431"]
[BlackElo "1974"]
[PlyCount "50"]
[EventDate "2013.09.08"]
[EventType "team-tourn"]
[EventRounds "11"]
[EventCountry "HUN"]
[SourceTitle "EXT 2016"]
[Source "ChessBase"]
[SourceDate "2015.10.08"]
[SourceVersion "1"]
[SourceVersionDate "2015.10.08"]
[SourceQuality "1"]
[WhiteTeam "Paszto"]
[BlackTeam "Gyongyos Matra"]
[WhiteTeamCountry "HUN"]
[BlackTeamCountry "HUN"]

1. e4 b6 2. d4 Bb7 3. Nc3 e6 4. Nf3 Nf6 5. e5 Ne4 6. Nxe4 Bxe4 7. Bd3 Bxd3 8. Qxd3 d5 9. 0-0 Be7 10. Bd2 c5 11. dxc5 bxc5 12. Rfe1 0-0 13. Rad1 Nc6 14. Re3 c4 15. Qe2 Bc5 16. Rc3 Qc7 17. b3 Nd4 18. Nxd4 Bxd4 19. Rg3 Bxe5 20. Rh3 g6 21. Re1 Bg7 22. Qg4 cxb3 23. cxb3 Qc2 24. Bh6 Bxh6 25. Rxh6 Qd2 0-1

[Event "HUN-chT2 Erkel 1314"]
[Site "Hungary"]
[Date "2014.02.02"]
[Round "6.10"]
[White "Huszar, Lorant"]
[Black "Goblyos, Gyorgy"]
[Result "0-1"]
[WhiteElo "1431"]
[BlackElo "2106"]
[PlyCount "56"]
[EventDate "2013.09.08"]
[EventType "team-tourn"]
[EventRounds "11"]
[EventCountry "HUN"]
[SourceTitle "EXT 2016"]
[Source "ChessBase"]
[SourceDate "2015.10.08"]
[SourceVersion "1"]
[SourceVersionDate "2015.10.08"]
[SourceQuality "1"]
[WhiteTeam "Paszto"]
[BlackTeam "Budapest MAFC"]
[WhiteTeamCountry "HUN"]
[BlackTeamCountry "HUN"]

1. e4 e5 2. Nf3 Nc6 3. Bc4 Nf6 4. Ng5 d5 5. exd5 Na5 6. Bb5+ c6 7. dxc6 bxc6 8. Be2 h6 9. Nf3 e4 10. Ne5 Qd4 11. f4 Bc5 12. Rf1 Bb6 13. c3 Qd6 14. d4 exd3 15. Qxd3 Qc7 16. Be3 0-0 17. h3 Be6 18. Nd2 Rad8 19. Bxb6 Qxb6 20. Qc2 Nd5 21. Ndc4 Nxc4 22. Nxc4 Ne3 23. Nxe3 Qxe3 24. Rf2 Qg3 25. Bf3 Rfe8 26. Kf1 Qh2 27. g4 Bc4+ 28. Re2 Bxe2+ 0-1

[Event "HUN-chT2 Erkel 1314"]
[Site "Hungary"]
[Date "2013.09.22"]
[Round "2.12"]
[White "Huszar, Lorant"]
[Black "Torocsik, Jozsef"]
[Result "0-1"]
[WhiteElo "1431"]
[BlackElo "1621"]
[PlyCount "106"]
[EventDate "2013.09.08"]
[EventType "team-tourn"]
[EventRounds "11"]
[EventCountry "HUN"]
[SourceTitle "EXT 2016"]
[Source "ChessBase"]
[SourceDate "2015.10.08"]
[SourceVersion "1"]
[SourceVersionDate "2015.10.08"]
[SourceQuality "1"]
[WhiteTeam "Paszto"]
[BlackTeam "Szada GSBE"]
[WhiteTeamCountry "HUN"]
[BlackTeamCountry "HUN"]

1. e4 e5 2. Nf3 Nc6 3. Bc4 Bc5 4. c3 Nf6 5. d4 exd4 6. cxd4 Bb4+ 7. Bd2 Nxe4 8. Bxb4 Nxb4 9. Qb3 Qe7 10. 0-0 0-0 11. Re1 c6 12. Rxe4 Qxe4 13. Qxb4 d5 14. Nc3 Qe6 15. Bd3 f6 16. Bxh7+ Kf7 17. Re1 Qd7 18. Nh4 b6 19. Nf5 Re8 20. Rxe8 Kxe8 21. Bg6+ Kd8 22. Qf8+ Kc7 23. Qxg7 Qxg7 24. Nxg7 Bd7 25. Bd3 Rg8 26. Nf5 Rg5 27. Ng3 Be6 28. h4 Rg4 29. h5 Rxd4 30. h6 Rh4 31. h7 f5 32. Nxf5 Rxh7 33. Nd4 Re7 34. Nxe6+ Rxe6 35. f4 Re3 36. Bg6 d4 37. Kf2 Kd6 38. Ne4+ Kd5 39. Nd2 c5 40. Be4+ Rxe4 41. Nxe4 Kxe4 42. Ke2 Kxf4 43. Kd3 Kg3 44. b4 Kxg2 45. a4 Kg3 46. a5 Kf4 47. Kc4 Ke4 48. bxc5 bxc5 49. Kxc5 d3 50. Kc6 d2 51. Kb7 d1Q 52. Kxa7 Kd5 53. Kb8 Qa4 0-1

[Event "HUN-chT2 Erkel 1314"]
[Site "Hungary"]
[Date "2013.09.08"]
[Round "1.12"]
[White "Szviridova, Polina"]
[Black "Huszar, Lorant"]
[Result "1-0"]
[WhiteElo "1531"]
[BlackElo "1431"]
[PlyCount "91"]
[EventDate "2013.09.08"]
[EventType "team-tourn"]
[EventRounds "11"]
[EventCountry "HUN"]
[SourceTitle "EXT 2016"]
[Source "ChessBase"]
[SourceDate "2015.10.08"]
[SourceVersion "1"]
[SourceVersionDate "2015.10.08"]
[SourceQuality "1"]
[WhiteTeam "Fot"]
[BlackTeam "Paszto"]
[WhiteTeamCountry "HUN"]
[BlackTeamCountry "HUN"]

1. b3 e5 2. Bb2 Nc6 3. Nc3 Nf6 4. e4 d5 5. exd5 Nxd5 6. Nxd5 Qxd5 7. Nf3 Bg4 8. h3 Bxf3 9. Qxf3 Qxf3 10. gxf3 Nb4 11. Kd1 f6 12. Rg1 0-0-0 13. Ba3 g6 14. c3 Nd3 15. Bxf8 Rhxf8 16. Bxd3 Rxd3 17. Ke2 Rfd8 18. Rad1 R8d6 19. h4 R3d5 20. Rg4 f5 21. Rc4 Ra5 22. a4 b5 23. Rc5 Re6 24. Ra1 a6 25. b4 Rxa4 26. Rxa4 bxa4 27. Ra5 Kb7 28. Rxa4 e4 29. f4 Rd6 30. Ra1 Rd3 31. Rh1 Rf3 32. h5 Rxf4 33. hxg6 hxg6 34. Rg1 Rg4 35. Rxg4 fxg4 36. Ke3 c5 37. Kxe4 cxb4 38. cxb4 Kb6 39. d4 a5 40. bxa5+ Kxa5 41. Ke5 Kb6 42. Ke6 Kc7 43. d5 g3 44. fxg3 Kd8 45. Kd6 g5 46. g4 1-0